000 00559nam a22001577a 4500
005 20250812084851.0
008 250812b |||||||| |||| 00| 0 eng d
050 _aTHE QA 268 .O56 2025
_bC.1
100 _aOndiany, John Joseph O.
245 _aOn the Number of Cyclic Codes Over Zā‚ƒā‚
260 _aKisii
_bKisii University
_c2025
300 _axiv, 80p.:ill.
500 _aIncludes bibliographical references
650 _a1. Coding theory. 2. Error-correcting codes (Information theory). 3. Cyclic codes. 4. Zā‚ƒā‚ (Ring theory).
942 _2lcc
_cREF
999 _c216017
_d216017